[Event "Love to move"]
[Site "SchemingMind.com"]
[Date "2009.06.20"]
[Round "-"]
[White "Shanks"]
[Black "andu"]
[Result "0-1"]
[WhiteCountry "ENG"]
[BlackCountry "AUT"]
[WhiteElo "1466"]
[WhiteRD "74"]
[BlackElo "1892"]
[BlackRD "50"]
[GameID "209350"]

1. d4 Nf6 2. Nf3 e6 3. e3 d5 4. Nbd2 c5 5. dxc5 Bxc5 6. Bd3 Nc6 7. a3 e5 8. Be2 e4 9. Ng1 O-O 10. Nb3 Bd6
11. Nd4 Bd7 12. Nxc6 Bxc6 13. h3 Qc7 14. g4 Be5 15. f4 Bd6 16. g5 Nd7 17. Kf2 d4 18. Qxd4 Bc5 19. Qd1 Qxf4+ 20. Kg2 Qxg5+
21. Bg4 f5 22. h4 Qxg4+ 23. Qxg4 fxg4 24. b4 Bb6 25. h5 Ne5 26. h6 Nd3 27. Bd2 Rf2+ 28. Kg3 Rxd2 29. cxd3 exd3 30. Rh2 Rxh2
31. Kxh2 Bc7#
0-1

[Event "Love to move"]
[Site "SchemingMind.com"]
[Date "2009.06.24"]
[Round "-"]
[White "andu"]
[Black "Shanks"]
[Result "1-0"]
[WhiteCountry "AUT"]
[BlackCountry "ENG"]
[WhiteElo "1892"]
[WhiteRD "50"]
[BlackElo "1466"]
[BlackRD "74"]
[GameID "209351"]

1. e4 d6 2. d4 Nf6 3. Nc3 g6 4. f4 Bg7 5. Nf3 O-O 6. Bd3 c5 7. dxc5 dxc5 8. O-O Nc6 9. e5 Nd5 10. Nxd5 e6
11. Nc3 Nd4 12. Be3 Nxf3+ 13. Qxf3 a6 14. Bxc5 Re8 15. Ne4 b6 16. Ba3 Bb7 17. Nd6 Bxf3 18. Nxe8 Qd4+ 19. Kh1 Bxg2+ 20. Kxg2 Qd5+
21. Kg1 Rxe8 22. Bxa6 Qd4+ 23. Kh1 Qe4+ 24. Kg1 Qd4+ 25. Kg2 Qe4+ 26. Kh3 Qf5+ 27. Kg3 Qxc2 28. Rac1 Qf5 29. Bb5 Rd8 30. Be7 Rd5
31. Rc8+
1-0

[Event "Love to move"]
[Site "SchemingMind.com"]
[Date "2009.06.24"]
[Round "-"]
[White "lapista59"]
[Black "Shanks"]
[Result "0-1"]
[WhiteCountry "HUN"]
[BlackCountry "ENG"]
[WhiteElo "1306"]
[WhiteRD "77"]
[BlackElo "1466"]
[BlackRD "74"]
[GameID "209386"]

1. e3 e5 2. g3 g6 3. a3 Bg7 4. Bc4 d5 5. Bb3 Ne7 6. Nc3 c6 7. h4 h5 8. f3 a6 9. g4 Qc7 10. Qe2 Nd7
11. Nh3 Nc5 12. Qf2 Nxb3 13. Rb1 Nxc1 14. Rxc1 Bd7 15. Ng5 f6 16. Nh3 O-O-O 17. g5 f5 18. b4 Rhf8 19. a4 f4 20. Ke2 fxe3
21. Qxe3 d4 22. Qf2 dxc3 23. dxc3 Nd5 24. c4 Nxb4 25. Kf1 a5 26. Kg2 c5 27. Rhe1 Bf5 28. Ng1 b6 29. c3 Nd3 30. Qe3 Nxe1+
31. Rxe1 Bd7 32. Qe4 Bf5 33. Qa8+ Qb8 34. Qc6+ Qc7 35. Qb5 e4 36. fxe4 Rd2+ 37. Kf3 Bg4+ 38. Ke3 Bxc3 39. Qa6+ Qb7 40. Qb5 Rb2
41. Qxb2 Bxb2 42. e5 Bxe5 43. Kd3 Rd8+ 44. Kc2 Bf5+ 45. Kb3 Bg3 46. Re2 Bxh4 47. Nf3 Rd3+ 48. Kb2 Rxf3 49. Re8+ Kc7 50. Re7+ Kb8
51. Rxb7+ Kxb7 52. Ka2 Bxg5 53. Kb2 h4 54. Ka2 h3 55. Kb2 Bf6+ 56. Kc1 h2 57. Kd2 Rd3+ 58. Ke2 h1=Q 59. Kf2 Qf3+ 60. Kg1 Bd4+
61. Kh2 Qh3#
0-1

[Event "Love to move"]
[Site "SchemingMind.com"]
[Date "2009.06.20"]
[Round "-"]
[White "lapista59"]
[Black "andu"]
[Result "1-0"]
[WhiteCountry "HUN"]
[BlackCountry "AUT"]
[WhiteElo "1430"]
[WhiteRD "107"]
[BlackElo "1669"]
[BlackRD "64"]
[GameID "209387"]

1. e3 e5 2. b3 Nf6 3. g3 d5 4. Bg2 Nc6 5. Nc3 Bg4 6. f3 Bh5 7. Qe2 d4 8. Qb5 a6 9. Qxb7 Nb4 10. Kf2 Nxc2
11. Qc6+ Nd7 12. Rb1 Bb4 13. Nd5 O-O 14. Qxc2 Nc5 15. Nxb4 dxe3+ 16. dxe3 Qd6 17. h4 a5 18. f4 axb4 19. Bxa8 Nd3+ 20. Kf1 Rxa8
21. Nh3 Qa6 22. Kg1 Ne1 23. Qf5 Qf1+ 24. Kxf1
1-0

[Event "Love to move"]
[Site "SchemingMind.com"]
[Date "2009.06.24"]
[Round "-"]
[White "Shanks"]
[Black "lapista59"]
[Result "1-0"]
[WhiteCountry "ENG"]
[BlackCountry "HUN"]
[WhiteElo "1466"]
[WhiteRD "74"]
[BlackElo "1306"]
[BlackRD "77"]
[GameID "209388"]

1. Nf3 e6 2. d4 h6 3. e3 b6 4. a3 g5 5. c3 Nf6 6. Ne5 h5 7. Nd2 Bd6 8. Nd3 g4 9. g3 Bb7 10. Rg1 h4
11. h3 gxh3 12. Bxh3 Nd5 13. Nf1 hxg3 14. Bg2 gxf2+ 15. Nxf2 Qf6 16. c4 Rg8 17. Ne4 Qh4+ 18. Kd2 Bh2 19. Nxh2 Qxh2 20. Qf1 Rg4
21. cxd5 Bxd5 22. Nf6+ Ke7 23. Nxg4 Qh4 24. Bxd5 exd5 25. Ne5 f6 26. Ng6+ Kd6 27. Nxh4 Kc6 28. Qxf6+ Kb5 29. Qf5 a6 30. Qxd5+ Ka4
31. b3#
1-0

[Event "Love to move"]
[Site "SchemingMind.com"]
[Date "2009.06.20"]
[Round "-"]
[White "andu"]
[Black "lapista59"]
[Result "0-1"]
[WhiteCountry "AUT"]
[BlackCountry "HUN"]
[WhiteElo "1669"]
[WhiteRD "64"]
[BlackElo "1430"]
[BlackRD "107"]
[GameID "209389"]

1. e4 d5 2. exd5 Qxd5 3. Nc3 Qe6+ 4. Be2 c6 5. Nf3 Bd7 6. d4 Nf6 7. Ng5 Qf5 8. h3 e6 9. Bg4 Nxg4 10. hxg4 Qf6
11. Nce4 Qg6 12. Nc5 Na6 13. Nxd7 Kxd7 14. O-O Nb4 15. Qf3 f6 16. Nxe6 Bd6 17. Qf5 Qxf5 18. gxf5 h5 19. Nxg7 h4 20. Bd2 Rag8
21. Ne6 h3 22. Nc5+ Kc8 23. Ne4 Rxg2+ 24. Kh1 Rh2+ 25. Kg1 Rg8+ 26. Ng3 Rg2+ 27. Kh1 Nxc2 28. Rac1 Nxd4 29. Rg1 Rxf2 30. Be3 Ne2
31. Bxf2 Nxc1 32. Rxc1 Be5 33. Kh2 Bxb2 34. Rc2 Be5 35. Kxh3 a6 36. Ne4 Kc7 37. Bh4 Rh8 38. Rg2 b5 39. Rg7+ Kb6 40. Kg4 Rh6
41. Bf2+ Ka5 42. Rc7 Bxc7
0-1

[Event "Love to move"]
[Site "SchemingMind.com"]
[Date "2009.06.24"]
[Round "-"]
[White "BigDaddy"]
[Black "Shanks"]
[Result "0-1"]
[WhiteCountry "AUT"]
[BlackCountry "ENG"]
[WhiteElo "1265"]
[WhiteRD "64"]
[BlackElo "1503"]
[BlackRD "65"]
[GameID "209445"]

1. e4 d6 2. d4 g6 3. Nf3 Bg7 4. Nc3 a6 5. Be3 Nd7 6. Bd3 e6 7. Qe2 Ne7 8. O-O O-O 9. a3 e5 10. d5 b6
11. h3 Bb7 12. Rab1 c6 13. b4 cxd5 14. exd5 b5 15. Ng5 Nxd5 16. Nxd5 Bxd5 17. Qg4 Nf6 18. f4 Nxg4 19. hxg4 exf4 20. Bxf4 h6
21. Nh3 Be6 22. Nf2 Qb6 23. Kh1 Rad8 24. g5 h5 25. Rfe1 Qxf2 26. Rf1 Qh4+ 27. Kg1 Bd4+ 28. Rf2 Qxf2+ 29. Kh2 Qxf4+ 30. Kh1 Qxg5
31. Rf1 Qh4#
0-1

[Event "Love to move"]
[Site "SchemingMind.com"]
[Date "2009.06.20"]
[Round "-"]
[White "BigDaddy"]
[Black "lapista59"]
[Result "0-1"]
[WhiteCountry "AUT"]
[BlackCountry "HUN"]
[WhiteElo "1252"]
[WhiteRD "87"]
[BlackElo "1306"]
[BlackRD "77"]
[GameID "209446"]

1. e4 e6 2. d4 b6 3. Nf3 Bb7 4. Nc3 h6 5. Bd3 Qf6 6. e5 Qd8 7. a3 g5 8. O-O Nc6 9. Re1 g4 10. Nd2 h5
11. Nb3 Qh4 12. g3 Qh3 13. Be4 f5 14. Bd3 Na5 15. Bf1 Bf3 16. Bxh3 Bxd1 17. Rxd1 gxh3 18. Bg5 Nc4 19. Nb5 Kf7 20. f4 Ne3
21. Re1 Nxc2 22. Nxc7 Rc8 23. Nb5 Nxe1 24. Nd6+ Bxd6 25. exd6 Nf3+ 26. Kf2 Nxh2 27. Kg1 Rc2 28. d5 Nf3+ 29. Kf1 h2
0-1

[Event "Love to move"]
[Site "SchemingMind.com"]
[Date "2009.06.21"]
[Round "-"]
[White "BigDaddy"]
[Black "andu"]
[Result "0-1"]
[WhiteCountry "AUT"]
[BlackCountry "AUT"]
[WhiteElo "1234"]
[WhiteRD "97"]
[BlackElo "1669"]
[BlackRD "64"]
[GameID "209447"]

1. e4 e5 2. Nf3 Nc6 3. Bc4 Nf6 4. Ng5 d5 5. exd5 Nxd5 6. Qf3 Qe7 7. d3 h6 8. Ne4 Nd4 9. Qe3 Nxe3 10. fxe3 Nxc2+
11. Kd1 Nxe3+ 12. Bxe3 Bg4+ 13. Ke1 Qb4+ 14. Kf1 Qxb2 15. Bd4 Qe2+ 16. Kg1 Qe1#
0-1

[Event "Love to move"]
[Site "SchemingMind.com"]
[Date "2009.06.24"]
[Round "-"]
[White "Shanks"]
[Black "BigDaddy"]
[Result "1-0"]
[WhiteCountry "ENG"]
[BlackCountry "AUT"]
[WhiteElo "1503"]
[WhiteRD "65"]
[BlackElo "1265"]
[BlackRD "64"]
[GameID "209448"]

1. Nf3 Nf6 2. d4 Nc6 3. d5 Nb4 4. Nc3 e6 5. dxe6 fxe6 6. a3 Nc6 7. e4 Bc5 8. Bd3 Qe7 9. O-O O-O 10. e5 Ng4
11. Ne4 Ncxe5 12. Nxe5 d5 13. Nxc5 Qxc5 14. Nxg4 e5 15. Ne3 d4 16. Nc4 Qd5 17. Nd2 c5 18. Be4 Qd6 19. Nc4 Qa6 20. Nxe5 Re8
21. Bd5+ Kf8 22. Qf3+ Ke7 23. Bg5+ Kd6 24. Nc4+ Kc7 25. Qg3+ Kd7 26. Ne5+ Kc7 27. Nc4+ Kd7 28. b3 Re2 29. Qg4+ Ke8 30. Qxe2+ Kd7
31. Qe7#
1-0

[Event "Love to move"]
[Site "SchemingMind.com"]
[Date "2009.06.20"]
[Round "-"]
[White "lapista59"]
[Black "BigDaddy"]
[Result "1-0"]
[WhiteCountry "HUN"]
[BlackCountry "AUT"]
[WhiteElo "1305"]
[WhiteRD "78"]
[BlackElo "1240"]
[BlackRD "77"]
[GameID "209449"]

1. d4 Nf6 2. g3 d5 3. Na3 e6 4. c3 Bxa3 5. bxa3 Nc6 6. Qd2 O-O 7. Bg2 e5 8. h4 Bf5 9. h5 h6 10. g4 Bxg4
11. a4 a5 12. Rb1 b6 13. Qd3 Bxh5 14. Qg3 g5 15. Bxg5 Kg7 16. dxe5 Nxe5 17. Bxf6+ Kxf6 18. Rxh5 Rg8 19. Rxh6+ Rg6 20. Qf4+ Kg7
21. Rh2 Qd6 22. Nh3 Ng4 23. Qd4+ Qe5 24. Qxe5+ Nxe5 25. Bxd5 Rh8 26. f4 Ng4 27. Rg2 Rxh3 28. f5 Rd6 29. Rxg4+ Kf6 30. Be4 Rxc3
31. Kf2 Rd2 32. Rh1 Ra3 33. Rh6+ Ke5 34. Rh7 Kf6 35. Rgg7 Raxa2 36. Rxf7+ Ke5 37. Re7+ Kf6 38. Re6+ Kg5 39. Kf3 Ra3+ 40. e3 Rd6
41. Rg7+ Kh5 42. Re8 Rh6 43. Rg1 Rxa4 44. Reg8 c5 45. Rh1#
1-0

[Event "Love to move"]
[Site "SchemingMind.com"]
[Date "2009.06.20"]
[Round "-"]
[White "andu"]
[Black "BigDaddy"]
[Result "1-0"]
[WhiteCountry "AUT"]
[BlackCountry "AUT"]
[WhiteElo "1669"]
[WhiteRD "64"]
[BlackElo "1234"]
[BlackRD "97"]
[GameID "209450"]

1. e4 e5 2. Nf3 Nc6 3. Bc4 Bc5 4. a3 Nf6 5. Nc3 O-O 6. h3 d6 7. O-O b6 8. b4 Bd4 9. Nxd4 Bb7 10. Nxc6 Bxc6
11. Re1 Qe8 12. a4 Bb7 13. Nb5 Qd8 14. d3 c6 15. Nc3 h6 16. Qf3 a5 17. Qg3 g5 18. f4 Nh7 19. fxg5 hxg5 20. Nd1 Kh8
21. h4 f6 22. Ne3 Rg8 23. Nf5 gxh4 24. Qxh4 Bc8 25. Bxg8 Qxg8 26. Bh6 Bd7 27. Bg7+ Qxg7 28. Nxg7 Kxg7 29. Rf1 Rg8 30. Rf3 Kh8
31. Rxf6 Bh3 32. Qxh3 Kg7 33. Qh6+ Kh8 34. Rxd6 Rg7 35. Rd8+
1-0

[Event "Love to move"]
[Site "SchemingMind.com"]
[Date "2009.06.27"]
[Round "-"]
[White "Manfred Kraut"]
[Black "Shanks"]
[Result "0-1"]
[WhiteCountry "GER"]
[BlackCountry "ENG"]
[WhiteElo "1394"]
[WhiteRD "72"]
[BlackElo "1503"]
[BlackRD "65"]
[GameID "209663"]

1. d4 d6 2. Nf3 g6 3. e3 Bg7 4. Bd3 a6 5. O-O e6 6. c4 Ne7 7. b4 Nd7 8. Qa4 O-O 9. c5 d5 10. Nc3 c6
11. b5 cxb5 12. Nxb5 e5 13. Nd6 e4 14. Nxe4 dxe4 15. Bxe4 Nf6 16. Bd3 Bd7 17. Qc4 Bb5 18. Qb3 Bxd3 19. Qxd3 a5 20. a4 Nc6
21. Qb5 Qc8 22. Bb2 Nb4 23. Bc3 Nfd5 24. Rac1 Nxc3 25. Rxc3 Nd5 26. Rb3 Nb4 27. g3 h5 28. Nd2 Nc6 29. Nc4 Nb4 30. Nxa5 Nd5
31. Nxb7 Nf6 32. Nd6 Qh3 33. Qc4 Nh7 34. Qd5 Nf6 35. Qf3 Ng4 36. Qg2 Qxg2+ 37. Kxg2 Rxa4 38. h3 Nf6 39. Kf3 Raa8 40. e4 Nh7
41. e5 Ng5+ 42. Kg2 Ne6 43. Rd1 Ra4 44. c6 Nxd4 45. c7 Nxb3 46. c8=Q Rxc8 47. Nxc8 Bxe5 48. Rd8+ Kg7 49. Nb6 Ra1 50. Nc4 Bf6
51. Rb8 Nc1 52. g4 h4 53. Kf3 Nd3 54. Rb3 Ne1+ 55. Ke2 g5 56. Ke3 Nc2+ 57. Kd3 Ne1+ 58. Ke2 Nc2 59. Nd2 Nd4+
0-1

[Event "Love to move"]
[Site "SchemingMind.com"]
[Date "2009.06.22"]
[Round "-"]
[White "Manfred Kraut"]
[Black "lapista59"]
[Result "1-0"]
[WhiteCountry "GER"]
[BlackCountry "HUN"]
[WhiteElo "1443"]
[WhiteRD "69"]
[BlackElo "1430"]
[BlackRD "107"]
[GameID "209664"]

1. d4 e6 2. Nf3 h6 3. e3 a6 4. Bd3 b6 5. O-O h5 6. c4 h4 7. h3 g5 8. Ne5 d6 9. Ng4 f5 10. Nh2 Qf6
11. Qf3 c6 12. Re1 Nh6 13. e4 Bb7 14. e5 Qg6 15. exd6 Bxd6 16. d5 O-O 17. Rxe6 Qg7 18. Rxd6 Qe7 19. Rxh6 Qe1+ 20. Bf1 Qxc1
21. Rg6+ Kf7 22. Qxf5+ Ke8 23. Re6+ Kd7 24. Qxf8 Kc7 25. Qd6+ Kc8 26. Re8#
1-0

[Event "Love to move"]
[Site "SchemingMind.com"]
[Date "2009.06.22"]
[Round "-"]
[White "Manfred Kraut"]
[Black "andu"]
[Result "0-1"]
[WhiteCountry "GER"]
[BlackCountry "AUT"]
[WhiteElo "1443"]
[WhiteRD "69"]
[BlackElo "1669"]
[BlackRD "64"]
[GameID "209665"]

1. d4 Nf6 2. Nf3 g6 3. e3 Bg7 4. Bd3 Nc6 5. O-O O-O 6. Nbd2 d5 7. c4 Nb4 8. Nb3 Nxd3 9. Qxd3 Bf5 10. Qc3 Ne4
11. Qb4 dxc4 12. Qxc4 Qd6 13. a4 Rfd8 14. Ne5 Bxe5 15. dxe5 Qxe5 16. f4 Qd5 17. Qxd5 Rxd5 18. h3 Rad8 19. Kh2 Bd7 20. Re1 f6
21. Re2 Rd3 22. Ra3 c5 23. Na5 Rxa3 24. bxa3 b6 25. Nc4 Bxa4 26. g4 Rd1 27. Bb2 Bb3 28. Nxb6 axb6 29. h4 c4 30. h5 c3
0-1

[Event "Love to move"]
[Site "SchemingMind.com"]
[Date "2009.06.22"]
[Round "-"]
[White "Manfred Kraut"]
[Black "BigDaddy"]
[Result "0-1"]
[WhiteCountry "GER"]
[BlackCountry "AUT"]
[WhiteElo "1443"]
[WhiteRD "69"]
[BlackElo "1234"]
[BlackRD "97"]
[GameID "209666"]

1. d4 Nf6 2. Nf3 d5 3. e3 e6 4. Bd3 c5 5. c4 Nc6 6. O-O Bd6 7. Nbd2 O-O 8. Nb3 b6 9. Re1 g6 10. dxc5 bxc5
11. cxd5 exd5 12. Nbd2 Bg4 13. a3 Qd7 14. Bb5 Bh3 15. Ng5 Bg4 16. f3 Bh5 17. e4 Rab8 18. a4 Qc7 19. exd5 Bxh2+ 20. Kf1 Bg3
21. Re2 Nd4 22. Nde4 Nxe2 23. Qxe2 Nxd5 24. Nxg3 Qxg3 25. Qe4 Rbd8 26. Bc4 Nb6 27. Bf4 Qh4 28. Bxf7+ Rxf7 29. Nxf7 Qh1+ 30. Ke2 Qxg2+
31. Ke3 Qd2#
0-1

[Event "Love to move"]
[Site "SchemingMind.com"]
[Date "2009.06.27"]
[Round "-"]
[White "Shanks"]
[Black "Manfred Kraut"]
[Result "0-1"]
[WhiteCountry "ENG"]
[BlackCountry "GER"]
[WhiteElo "1503"]
[WhiteRD "65"]
[BlackElo "1394"]
[BlackRD "72"]
[GameID "209667"]

1. Nf3 g6 2. d4 Bg7 3. e4 d6 4. c3 Nf6 5. Nbd2 O-O 6. Be2 c5 7. d5 e6 8. dxe6 Bxe6 9. O-O Nc6 10. c4 Ne5
11. Nxe5 dxe5 12. b3 Qc7 13. Nf3 Nxe4 14. Bb2 a6 15. Bd3 Nd6 16. Nxe5 Nxc4 17. Nxc4 Bxc4 18. Bxg7 Bxd3 19. Qxd3 Kxg7 20. Qc3+ f6
21. a4 Rac8 22. Qc4 Qa5 23. Qc1 Qb4 24. Qc2 c4 25. bxc4 Rxc4 26. Qd1 Qb6 27. h3 Rd8 28. Qe1 Rdd4 29. Qe7+ Kh6 30. Qe3+ g5
31. a5 Qb4 32. Qf3 Rf4 33. Qg3 Rc3 34. Qh2 Rc2 35. Rab1 Qc3 36. Rxb7 Rcxf2 37. Rxf2 Qe1+
0-1

[Event "Love to move"]
[Site "SchemingMind.com"]
[Date "2009.06.22"]
[Round "-"]
[White "lapista59"]
[Black "Manfred Kraut"]
[Result "1-0"]
[WhiteCountry "HUN"]
[BlackCountry "GER"]
[WhiteElo "1430"]
[WhiteRD "107"]
[BlackElo "1443"]
[BlackRD "69"]
[GameID "209668"]

1. e3 d5 2. g3 c5 3. Bg2 Nf6 4. c3 e6 5. Na3 Bd6 6. Nh3 O-O 7. g4 b6 8. Ng5 Nbd7 9. h4 e5 10. h5 h6
11. Nh3 g5 12. Nb5 c4 13. Nxd6 Nc5 14. O-O Qxd6 15. f4 Bxg4 16. Qc2 Bxh3 17. Bxh3 exf4 18. exf4 gxf4 19. Qf5 Nce4 20. Rxf4 Ng3
21. Qxf6 Ne2+ 22. Kh1 Nxf4 23. Qxd6 Nxh3 24. Qxh6 Rae8 25. Qf6 Re1+ 26. Kh2 Ng1 27. h6 Rfe8 28. Qg7#
1-0

[Event "Love to move"]
[Site "SchemingMind.com"]
[Date "2009.06.22"]
[Round "-"]
[White "andu"]
[Black "Manfred Kraut"]
[Result "1-0"]
[WhiteCountry "AUT"]
[BlackCountry "GER"]
[WhiteElo "1669"]
[WhiteRD "64"]
[BlackElo "1443"]
[BlackRD "69"]
[GameID "209669"]

1. e4 c5 2. Nf3 g6 3. d4 cxd4 4. Nxd4 Bg7 5. Nc3 d6 6. Be2 Nf6 7. O-O O-O 8. Be3 Nbd7 9. Qe1 b6 10. Nc6 Qc7
11. Nxe7+ Kh8 12. Nb5 Qxc2 13. Nxd6 Qxb2 14. Rc1 Qe5 15. Nexc8 Nxe4 16. Nxe4 Raxc8 17. Qb4 Rxc1 18. Rxc1 a5 19. Qd2 Rd8 20. Nd6 Kg8
21. Nb7 Qb2 22. Nxd8 Qxd2 23. Bxd2 Bb2 24. Rc7
1-0

[Event "Love to move"]
[Site "SchemingMind.com"]
[Date "2009.06.22"]
[Round "-"]
[White "BigDaddy"]
[Black "Manfred Kraut"]
[Result "1-0"]
[WhiteCountry "AUT"]
[BlackCountry "GER"]
[WhiteElo "1252"]
[WhiteRD "87"]
[BlackElo "1390"]
[BlackRD "75"]
[GameID "209670"]

1. e4 c5 2. Nf3 g6 3. d4 cxd4 4. Nxd4 Bg7 5. Nc3 d6 6. Be3 Nf6 7. f3 a6 8. Qd2 Qb6 9. Na4 Qc7 10. c3 Bd7
11. b3 Nc6 12. Nxc6 Bxc6 13. Nb6 Rd8 14. a4 a5 15. b4 axb4 16. Bc4 O-O 17. O-O bxc3 18. Qxc3 Nxe4 19. Qb3 Bxa1 20. Rxa1 Nc5
21. Qb2 d5 22. Bh6 dxc4 23. Qg7#
1-0

[Event "Love to move"]
[Site "SchemingMind.com"]
[Date "2009.06.23"]
[Round "-"]
[White "racy"]
[Black "Manfred Kraut"]
[Result "1-0"]
[WhiteCountry "USA"]
[BlackCountry "GER"]
[WhiteElo "1482"]
[WhiteRD "97"]
[BlackElo "1408"]
[BlackRD "69"]
[GameID "209852"]

1. e4 c5 2. Nf3 g6 3. Nc3 Bg7 4. e5 d6 5. d4 cxd4 6. Qxd4 Nc6 7. Bb5 Bd7 8. Qd5 Nb4 9. Qe4 Nc6 10. exd6 Nf6
11. Qc4 exd6 12. Ng5 O-O 13. Qh4 h6 14. Nge4 Re8 15. Bxh6 Ng4 16. Bg5 Nf6 17. O-O-O Ne5 18. Rxd6 a6 19. Bxd7 Nexd7 20. Nxf6+ Bxf6
21. Bxf6 Nxf6 22. Rxd8 Raxd8 23. Qxf6 Re6 24. Qxd8+
1-0

[Event "Love to move"]
[Site "SchemingMind.com"]
[Date "2009.06.28"]
[Round "-"]
[White "racy"]
[Black "Shanks"]
[Result "0-1"]
[WhiteCountry "USA"]
[BlackCountry "ENG"]
[WhiteElo "1483"]
[WhiteRD "98"]
[BlackElo "1508"]
[BlackRD "70"]
[GameID "209853"]

1. e4 Nf6 2. Nc3 e5 3. f4 d6 4. Bc4 c6 5. Nf3 Nbd7 6. d3 Qc7 7. Be3 a6 8. Ng5 exf4 9. Bxf4 Ne5 10. b4 Nxc4
11. dxc4 h6 12. Nf3 Be6 13. c5 O-O-O 14. cxd6 Bxd6 15. Be3 Bxb4 16. Qb1 Bxc3+ 17. Kf2 Bxa1 18. Bb6 Nxe4+ 19. Ke3 Qe7 20. Bxd8 Rxd8
21. Qxa1 f5 22. Ne5 Qg5+ 23. Kf3 Nd2+ 24. Ke2 Qxg2+ 25. Ke3 Qh3+ 26. Ke2 Qh5+ 27. Ke3 Qg5+ 28. Ke2 Qh5+ 29. Ke3 f4+ 30. Kxf4 Qf5+
31. Ke3 Qe4+ 32. Kf2 Rf8+ 33. Kg3 Qf4+ 34. Kg2 Qf2#
0-1

[Event "Love to move"]
[Site "SchemingMind.com"]
[Date "2009.06.23"]
[Round "-"]
[White "racy"]
[Black "lapista59"]
[Result "1-0"]
[WhiteCountry "USA"]
[BlackCountry "HUN"]
[WhiteElo "1419"]
[WhiteRD "112"]
[BlackElo "1430"]
[BlackRD "107"]
[GameID "209854"]

1. e4 e6 2. d4 c6 3. Nf3 b5 4. Bd3 h5 5. h4 Nf6 6. Nc3 Ng4 7. O-O Be7 8. e5 g5 9. hxg5 h4 10. g6 h3
11. g7 Rg8 12. Nh2 Nxh2 13. Kxh2 Rxg7 14. gxh3 d6 15. Rg1 Bf8 16. Bh6 Rxg1 17. Qxg1 Bxh6 18. Qg8+ Bf8 19. Rg1 Qf6 20. exf6 Bd7
21. Rg7 a5 22. Qxf7+ Kd8 23. Qxf8+ Kc7 24. Rg8 Kb7 25. Qxd6 a4 26. f7 a3 27. f8=Q axb2 28. Qfxb8+ Rxb8 29. Qxb8+ Ka6 30. Qa8+ Kb6
31. Rb8+ Kc7 32. Qb7+ Kd6 33. Ne4+ Ke7 34. Nc5 b1=Q 35. Qxd7+ Kf6 36. Qxe6+ Kg5 37. Qf5+ Kh4 38. Rh8#
1-0

[Event "Love to move"]
[Site "SchemingMind.com"]
[Date "2009.06.23"]
[Round "-"]
[White "racy"]
[Black "andu"]
[Result "1-0"]
[WhiteCountry "USA"]
[BlackCountry "AUT"]
[WhiteElo "1419"]
[WhiteRD "112"]
[BlackElo "1669"]
[BlackRD "64"]
[GameID "209855"]

1. e4 e5 2. Nf3 Nc6 3. Bb5 f5 4. Nc3 fxe4 5. Nxe4 Nf6 6. d4 Nxe4 7. dxe5 d5 8. Be3 a6 9. Bd3 Be7 10. g4 Bxg4
11. h3 Bxf3 12. Qxf3 Rf8 13. Qh5+ g6 14. Qxh7 Bh4 15. Qxg6+ Kd7 16. Qg4+ Ke8 17. Bxe4 Nxe5 18. Bg6+ Nf7 19. O-O-O Qf6 20. Rxd5 Rg8
21. Qe4+ Qe7 22. Qf5 c6 23. Bc5 Qg5+ 24. Qxg5 Bxg5+ 25. Rxg5 Rd8 26. Re5+ Kd7 27. Re7+ Kc8 28. Bxf7 Rg5 29. Ba7 Rf8 30. Be6+ Kd8
31. Rd7+ Ke8 32. Re1
1-0

[Event "Love to move"]
[Site "SchemingMind.com"]
[Date "2009.06.23"]
[Round "-"]
[White "racy"]
[Black "BigDaddy"]
[Result "1-0"]
[WhiteCountry "USA"]
[BlackCountry "AUT"]
[WhiteElo "1501"]
[WhiteRD "98"]
[BlackElo "1252"]
[BlackRD "87"]
[GameID "209856"]

1. e4 e5 2. Nf3 Nc6 3. Bb5 a6 4. Ba4 Nf6 5. O-O Be7 6. Re1 b5 7. Bb3 Ng4 8. Bd5 Bc5 9. Kf1 Qf6 10. c3 Nxh2+
11. Ke2 Nxf3 12. gxf3 Qh4 13. Rf1 d6 14. Bxc6+ Kd8 15. Bxa8 Bh3 16. d4 Bxf1+ 17. Kxf1 exd4 18. cxd4 Qh1+ 19. Ke2 Re8 20. Qxh1 Bxd4
21. Qxh7 Kd7 22. Qf5+ Re6 23. Qxf7+ Re7 24. Bc6+
1-0

[Event "Love to move"]
[Site "SchemingMind.com"]
[Date "2009.06.23"]
[Round "-"]
[White "Manfred Kraut"]
[Black "racy"]
[Result "0-1"]
[WhiteCountry "GER"]
[BlackCountry "USA"]
[WhiteElo "1408"]
[WhiteRD "69"]
[BlackElo "1482"]
[BlackRD "97"]
[GameID "209857"]

1. d4 d5 2. Nf3 Bg4 3. Nbd2 Nf6 4. e3 Nc6 5. Be2 h6 6. O-O e6 7. c4 g5 8. cxd5 exd5 9. Ne5 Nxe5 10. dxe5 Bxe2
11. Qxe2 Ne4 12. Nxe4 dxe4 13. Rd1 Qe7 14. Qb5+ c6 15. Qa5 b6 16. Qc3 Rd8 17. Qxc6+ Rd7 18. Rxd7 Qxd7 19. Qxe4 Qd1#
0-1

[Event "Love to move"]
[Site "SchemingMind.com"]
[Date "2009.06.28"]
[Round "-"]
[White "Shanks"]
[Black "racy"]
[Result "1/2-1/2"]
[WhiteCountry "ENG"]
[BlackCountry "USA"]
[WhiteElo "1503"]
[WhiteRD "65"]
[BlackElo "1476"]
[BlackRD "98"]
[GameID "209858"]

1. f4 d5 2. d4 Nc6 3. c3 Bf5 4. Nd2 e6 5. e3 Nf6 6. a3 Bd6 7. Ngf3 Ng4 8. Qe2 O-O 9. h3 Nh6 10. b3 f6
11. Bb2 e5 12. dxe5 fxe5 13. fxe5 Bxe5 14. Rc1 Bg3+ 15. Kd1 Re8 16. Nd4 Ne5 17. Nxf5 Nxf5 18. Kc2 d4 19. cxd4 Nc6 20. Kb1 Nxe3
21. Qd3 a6 22. Be2 Nxg2 23. Qc4+ Kf8 24. Rhf1+ Bf4 25. Qc5+ Qe7 26. Qf5+ Kg8 27. Bc4+ Kh8 28. Qd3 Rad8 29. d5 Bxd2 30. Rcd1 Ne3
31. Bxg7+ Kxg7 32. Rg1+ Kh6 33. Qxd2 Qe4+ 34. Ka2 Qc2+ 35. Qxc2 Nxc2 36. dxc6 Rxd1 37. Rxd1 b5 38. Bd3 Nd4 39. h4 Nxc6 40. Rc1 Ne5
41. Bb1 Re7 42. b4 Nf3 43. Rc6+ Kg7 44. h5 Re2+ 45. Ka1 Nd4 46. Rxc7+ Kh6 47. Rxh7+ Kg5 48. Bd3 Nc2+ 49. Bxc2 Rxc2 50. h6 Kg6
51. Kb1 Rh2 52. Rh8= Kg5 53. h7 Kg6 54. Ra8 Kxh7 55. Rxa6 Kg7 56. Rb6 Kf7 57. Rxb5 Ke7 58. Rb7+ Kd6 59. b5 Kc5 60. b6 Kc6
61. Rb8 Rh5 62. a4 Ra5 63. Rc8+ Kxb6 64. Rc2 Rxa4 65. Rb2+=
1/2-1/2

[Event "Love to move"]
[Site "SchemingMind.com"]
[Date "2009.06.23"]
[Round "-"]
[White "lapista59"]
[Black "racy"]
[Result "0-1"]
[WhiteCountry "HUN"]
[BlackCountry "USA"]
[WhiteElo "1390"]
[WhiteRD "91"]
[BlackElo "1482"]
[BlackRD "97"]
[GameID "209859"]

1. Na3 e5 2. f3 d5 3. c3 Nc6 4. e3 Nf6 5. h4 Bc5 6. c4 d4 7. Qe2 O-O 8. g4 h6 9. Qg2 Re8 10. Bd3 g5
11. hxg5 hxg5 12. Qh3 Kf8 13. Qh6+ Ke7 14. Qxg5 dxe3 15. dxe3 Rg8 16. Bg6 fxg6 17. Rh7+ Kd6 18. Nb5+ Ke6 19. Nxc7+ Kd6 20. Nxa8 Nxh7
21. Qh6 Nb4 22. Qh2 Be6 23. Qd2+ Bd5 24. cxd5 Qh4+ 25. Kd1 Qg3 26. Ne2 Qxf3 27. Nc7 Kxc7 28. a3 Qh1+ 29. Ng1 Qxg1+ 30. Ke2 Rf8
31. axb4 Rf2+ 32. Kd3 Rxd2+ 33. Kxd2 Bxe3+ 34. Kc2 Ng5 35. Ra5 Qxc1+ 36. Kb3 Bd4 37. Ra2 b5 38. Rxa7+ Kb6 39. Ra2 Qd1+ 40. Ka3 Qa4#
0-1

[Event "Love to move"]
[Site "SchemingMind.com"]
[Date "2009.06.23"]
[Round "-"]
[White "andu"]
[Black "racy"]
[Result "1-0"]
[WhiteCountry "AUT"]
[BlackCountry "USA"]
[WhiteElo "1669"]
[WhiteRD "64"]
[BlackElo "1419"]
[BlackRD "112"]
[GameID "209860"]

1. e4 e5 2. Nf3 Nc6 3. Bc4 Nh6 4. d3 Ng4 5. Ng5 Nh6 6. Bd2 f6 7. Nf3 g5 8. Nc3 Bc5 9. Nxg5 fxg5 10. Qh5+ Kf8
11. Qxh6+ Ke8 12. Bxg5 Be7 13. Qg7 d5 14. Qxh8+ Kd7 15. Qxd8+ Nxd8 16. Nxd5 Bxg5 17. O-O Kd6 18. h3 Nc6 19. f4 Bh6 20. fxe5+ Nxe5
21. Rf6+ Be6 22. Rxh6 Rg8 23. Kh2 Nf7 24. Rf6 Ke5 25. Raf1 c6 26. Ne3 Bxc4 27. Nxc4+ Kd4 28. Rxf7 Kc5 29. Rxb7 Ra8 30. Rf5+ Kd4
31. Rd7#
1-0